[Event "23rd ETCC Women 2021"]
[Site "Catez"]
[Date "2021.11.19"]
[Round "6.54"]
[White "Bejatovic, Bojana"]
[Black "Caglar, Sila"]
[Result "0-1"]
[WhiteElo "2031"]
[BlackElo "2250"]
[Annotator "ChessBase"]
[PlyCount "108"]
[EventDate "2021.11.08"]
[EventType "team-tourn"]
[EventCountry "SLO"]
[WhiteTeam "Macedonia"]
[BlackTeam "Turkey"]
[WhiteTeamCountry "MKD"]
[BlackTeamCountry "TUR"]
[TimeControl "40/5400+30:1800+30"]

1. d4 {[%emt 0:00:03]} Nf6 {[%emt 0:00:10]} 2. Nc3 {[%emt 0:00:08]} d5 {
[%emt 0:00:14]} 3. Bf4 {[%emt 0:00:04]} g6 {[%emt 0:01:15]} 4. e3 {[%emt 0:00:
28]} Bg7 {[%emt 0:00:14]} 5. h4 {[%emt 0:00:18]} h6 {[%emt 0:03:47]} 6. Nf3 {
[%emt 0:02:59]} c5 {[%emt 0:07:13]} 7. Nb5 {[%emt 0:13:47]} Na6 {[%emt 0:00:21]
} 8. c3 {[%emt 0:00:11]} Bd7 {[%emt 0:11:38]} 9. Ne5 {[%emt 0:02:23]} c4 {
[%emt 0:05:00]} 10. a4 {[%emt 0:03:52]} Bxb5 {[%emt 0:03:07]} 11. axb5 {
[%emt 0:00:04]} Nc7 {[%emt 0:00:08]} 12. b6 {[%emt 0:08:14]} Ne6 {[%emt 0:17:
21]} 13. Qa4+ {[%emt 0:07:29]} Nd7 {[%emt 0:03:20]} 14. bxa7 {[%emt 0:05:27]}
Bxe5 {[%emt 0:03:41]} 15. Bxe5 {[%emt 0:00:22]} f6 {[%emt 0:07:04]} 16. Bg3 {
[%emt 0:02:47]} Qb6 {[%emt 0:03:59]} 17. Ra2 {[%emt 0:06:58]} f5 {[%emt 0:08:
57]} 18. Be2 {[%emt 0:01:38]} Nd8 {[%emt 0:00:45]} 19. Be5 {[%emt 0:13:17]} Rg8
{[%emt 0:02:31]} 20. Bf4 {[%emt 0:17:56]} h5 {[%emt 0:05:46]} 21. O-O {[%emt 0:
05:09]} Nc6 {[%emt 0:01:31]} 22. Qc2 {[%emt 0:03:04]} Nf6 {[%emt 0:02:14]} 23.
Rfa1 {[%emt 0:00:42]} Rxa7 {[%emt 0:01:53]} 24. Rxa7 {[%emt 0:00:52]} Nxa7 {
[%emt 0:00:02]} 25. Be5 {[%emt 0:01:20]} Kf7 {[%emt 0:01:41]} 26. Bf3 {[%emt 0:
01:50]} e6 {[%emt 0:02:57]} 27. Bc7 {[%emt 0:01:51]} Qxc7 {[%emt 0:00:05]} 28.
Rxa7 Qb6 {[%emt 0:01:10]} 29. Qa4 {[%emt 0:00:01]} Re8 {[%emt 0:04:16]} 30. Bd1
{[%emt 0:01:01]} Qxb2 {[%emt 0:00:42]} 31. Qa6 {[%emt 0:01:10]} Re7 {[%emt 0:
00:04]} 32. Qa1 {[%emt 0:00:02]} Qd2 {[%emt 0:02:12]} 33. Bf3 {[%emt 0:00:18]}
Qc2 {[%emt 0:00:47]} 34. Qa5 {[%emt 0:00:55]} Qb1+ {[%emt 0:00:38]} 35. Kh2 {
[%emt 0:00:01]} b6 {[%emt 0:00:40]} 36. Rxe7+ {[%emt 0:00:18]} Kxe7 {[%emt 0:
00:00]} 37. Qa7+ {[%emt 0:00:00]} Nd7 {[%emt 0:00:13]} 38. Qa3+ {[%emt 0:00:20]
} Kf7 {[%emt 0:00:42]} 39. Qd6 {[%emt 0:00:22]} Qb5 {[%emt 0:00:41]} 40. Qf4 {
[%emt 0:00:25]} Qc6 {[%emt 0:00:54]} 41. Bd1 {[%emt 0:31:51]} b5 {[%emt 0:05:
16]} 42. f3 {[%emt 0:00:00]} Qb7 {[%emt 0:01:44]} 43. Kh3 {[%emt 0:00:00]} Qb8
{[%emt 0:08:07]} 44. Qh6 {[%emt 0:00:00]} Nf6 {[%emt 0:00:18]} 45. g4 {[%emt 0:
00:00]} hxg4+ {[%emt 0:00:28]} 46. fxg4 {[%emt 0:00:00]} fxg4+ {[%emt 0:00:12]}
47. Bxg4 {[%emt 0:00:00]} Ne4 {[%emt 0:00:32]} 48. Bxe6+ {[%emt 0:00:00]} Kxe6
{[%emt 0:00:06]} 49. Qxg6+ {[%emt 0:00:00]} Nf6 {[%emt 0:02:50]} 50. e4 {
[%emt 0:00:00]} Qf4 {[%emt 0:01:05]} 51. e5 {[%emt 0:00:00]} Qf5+ {[%emt 0:01:
13]} 52. Qxf5+ {[%emt 0:00:00]} Kxf5 {[%emt 0:00:01]} 53. exf6 {[%emt 0:00:00]}
Kxf6 {[%emt 0:00:02]} 54. Kg4 {[%emt 0:00:00]} b4 {[%emt 0:00:05]} 0-1

[Event "23rd ETCC Women 2021"]
[Site "Catez"]
[Date "2021.11.19"]
[Round "6.55"]
[White "Kocyigit, Buse Naz"]
[Black "Trajkovska, Sanja"]
[Result "1/2-1/2"]
[WhiteElo "2034"]
[BlackElo "1960"]
[Annotator "ChessBase"]
[PlyCount "60"]
[EventDate "2021.11.08"]
[EventType "team-tourn"]
[EventCountry "SLO"]
[WhiteTeam "Turkey"]
[BlackTeam "Macedonia"]
[WhiteTeamCountry "TUR"]
[BlackTeamCountry "MKD"]
[TimeControl "40/5400+30:1800+30"]

1. Nf3 {[%emt 0:00:02]} d5 {[%emt 0:00:08]} 2. d4 {[%emt 0:00:06]} Nf6 {
[%emt 0:00:04]} 3. c4 {[%emt 0:00:04]} dxc4 {[%emt 0:00:03]} 4. Nc3 {[%emt 0:
03:14]} Nc6 {[%emt 0:00:08]} 5. e4 {[%emt 0:04:43]} Bg4 {[%emt 0:00:40]} 6. Be3
{[%emt 0:00:51]} e6 {[%emt 0:02:20]} 7. Bxc4 {[%emt 0:09:03]} Bxf3 {[%emt 0:03:
22]} 8. gxf3 {[%emt 0:00:56]} a6 {[%emt 0:07:59]} 9. Qd2 {[%emt 0:13:16]} Bb4 {
[%emt 0:07:07]} 10. Rg1 {[%emt 0:03:08]} Na5 {[%emt 0:04:41]} 11. Be2 {[%emt 0:
08:53]} Rg8 {[%emt 0:16:22]} 12. Qc2 {[%emt 0:05:04]} Nd7 {[%emt 0:07:04]} 13.
a3 {[%emt 0:03:53]} Bd6 {[%emt 0:07:08]} 14. e5 {[%emt 0:05:36]} Be7 {[%emt 0:
01:08]} 15. Qxh7 {[%emt 0:01:03]} Rf8 {[%emt 0:06:04]} 16. Rxg7 {[%emt 0:00:47]
} c6 {[%emt 0:07:12]} 17. f4 {[%emt 0:05:48]} Qb6 {[%emt 0:04:27]} 18. Qc2 {
[%emt 0:06:50]} Nb3 {[%emt 0:06:35]} 19. Rd1 {[%emt 0:00:44]} O-O-O {[%emt 0:
02:13]} 20. d5 {[%emt 0:03:18]} Bc5 {[%emt 0:00:22]} 21. dxc6 {[%emt 0:03:36]}
bxc6 {[%emt 0:01:06]} 22. Bxc5 {[%emt 0:03:12]} Ndxc5 {[%emt 0:00:34]} 23.
Rxd8+ {[%emt 0:03:09]} Rxd8 {[%emt 0:00:35]} 24. Ne4 {[%emt 0:07:55]} Qa5+ {
[%emt 0:05:18]} 25. Nc3 {[%emt 0:00:48]} Qb6 {[%emt 0:01:42]} 26. Ne4 {[%emt 0:
00:31]} Qa5+ {[%emt 0:00:19]} 27. Nc3 {[%emt 0:00:10]} Qb6 {[%emt 0:00:18]} 28.
Ne4 {[%emt 0:01:46]} Qa5+ {[%emt 0:00:04]} 29. Nc3 {[%emt 0:00:07]} Qb6 {
[%emt 0:00:04]} 30. Ne4 {[%emt 0:00:24]} Qa5+ {[%emt 0:00:04]} 1/2-1/2

[Event "23rd ETCC Women 2021"]
[Site "Catez"]
[Date "2021.11.19"]
[Round "6.56"]
[White "Manova, Ivana"]
[Black "Aydin, Gulenay"]
[Result "1-0"]
[WhiteElo "1809"]
[BlackElo "2114"]
[Annotator "ChessBase"]
[PlyCount "149"]
[EventDate "2021.11.08"]
[EventType "team-tourn"]
[EventCountry "SLO"]
[WhiteTeam "Macedonia"]
[BlackTeam "Turkey"]
[WhiteTeamCountry "MKD"]
[BlackTeamCountry "TUR"]
[TimeControl "40/5400+30:1800+30"]

1. e4 {[%emt 0:00:10]} c6 {[%emt 0:00:06]} 2. d4 {[%emt 0:00:11]} d5 {[%emt 0:
00:06]} 3. exd5 {[%emt 0:00:17]} cxd5 {[%emt 0:00:09]} 4. Bd3 {[%emt 0:00:11]}
Nc6 {[%emt 0:00:10]} 5. c3 {[%emt 0:00:06]} Nf6 {[%emt 0:00:42]} 6. Bf4 {
[%emt 0:00:43]} Bg4 {[%emt 0:04:06]} 7. Qb3 {[%emt 0:00:40]} Qd7 {[%emt 0:03:
22]} 8. Nd2 {[%emt 0:03:43]} e6 {[%emt 0:04:09]} 9. Ngf3 {[%emt 0:00:45]} Be7 {
[%emt 0:10:36]} 10. Ne5 {[%emt 0:07:54]} Qc8 {[%emt 0:03:20]} 11. Qc2 {[%emt 0:
08:41]} Bh5 {[%emt 0:02:48]} 12. O-O {[%emt 0:06:05]} Bg6 {[%emt 0:05:02]} 13.
Rae1 {[%emt 0:06:15]} O-O {[%emt 0:10:44]} 14. Nxg6 {[%emt 0:02:34]} hxg6 {
[%emt 0:00:09]} 15. Nf3 {[%emt 0:09:35]} a6 {[%emt 0:04:46]} 16. Ng5 {[%emt 0:
09:02]} Nh7 {[%emt 0:11:36]} 17. Nxh7 {[%emt 0:05:23]} Kxh7 {[%emt 0:00:02]}
18. Re3 {[%emt 0:00:43]} Kg8 {[%emt 0:04:09]} 19. Rfe1 {[%emt 0:15:48]} Qd7 {
[%emt 0:06:15]} 20. Rh3 {[%emt 0:08:11]} f5 {[%emt 0:08:30]} 21. Qd2 {[%emt 0:
10:27]} Rae8 {[%emt 0:03:15]} 22. Rg3 {[%emt 0:03:23]} Kf7 {[%emt 0:00:49]} 23.
Bg5 {[%emt 0:00:21]} Bd6 {[%emt 0:02:45]} 24. Bf4 {[%emt 0:00:43]} Be7 {
[%emt 0:01:16]} 25. Bg5 {[%emt 0:00:32]} Qd8 {[%emt 0:03:38]} 26. f4 {[%emt 0:
00:31]} Rh8 {[%emt 0:02:51]} 27. Qe3 {[%emt 0:00:20]} Bf6 {[%emt 0:01:18]} 28.
a4 {[%emt 0:00:40]} Qa5 {[%emt 0:03:46]} 29. Qd2 {[%emt 0:00:33]} Qxa4 {
[%emt 0:01:07]} 30. h3 {[%emt 0:00:28]} Qa5 {[%emt 0:00:32]} 31. Qc1 {[%emt 0:
00:32]} Qc7 {[%emt 0:01:50]} 32. Kh2 {[%emt 0:00:29]} Na5 {[%emt 0:01:38]} 33.
Qc2 {[%emt 0:00:31]} Nc4 {[%emt 0:00:34]} 34. Qe2 {[%emt 0:00:30]} Nd6 {
[%emt 0:00:19]} 35. Bxf6 {[%emt 0:00:25]} gxf6 {[%emt 0:00:14]} 36. Re3 {
[%emt 0:00:08]} Ne4 {[%emt 0:01:01]} 37. g3 {[%emt 0:00:55]} Re7 {[%emt 0:00:
34]} 38. Kg2 {[%emt 0:00:30]} Kg8 {[%emt 0:00:43]} 39. c4 {[%emt 0:00:31]} Kg7
{[%emt 0:00:29]} 40. c5 {[%emt 0:00:20]} Qa5 {[%emt 0:00:24]} 41. Rd1 {[%emt 0:
30:33]} Qc7 {[%emt 0:08:26]} 42. Bc2 {[%emt 0:00:00]} Rd8 {[%emt 0:11:08]} 43.
b4 {[%emt 0:00:00]} e5 {[%emt 0:02:54]} 44. Qf3 {[%emt 0:00:00]} a5 {[%emt 0:
03:53]} 45. fxe5 {[%emt 0:00:00]} fxe5 {[%emt 0:00:15]} 46. g4 {[%emt 0:00:00]}
f4 {[%emt 0:02:06]} 47. Rxe4 {[%emt 0:00:00]} dxe4 {[%emt 0:00:08]} 48. Qxe4 {
[%emt 0:00:00]} Qc6 {[%emt 0:03:20]} 49. d5 {[%emt 0:00:00]} Qf6 {[%emt 0:00:
01]} 50. d6 {[%emt 0:00:00]} Rf7 {[%emt 0:00:29]} 51. Kf3 {[%emt 0:00:00]} Qh4
{[%emt 0:02:17]} 52. Qxg6+ {[%emt 0:00:41]} Kf8 {[%emt 0:00:03]} 53. Ke4 {
[%emt 0:05:18]} Qxh3 {[%emt 0:01:28]} 54. Re1 {[%emt 0:00:39]} axb4 {[%emt 0:
00:34]} 55. Ba4 {[%emt 0:00:26]} f3 {[%emt 0:00:33]} 56. Bb3 {[%emt 0:00:23]}
Rf4+ {[%emt 0:00:31]} 57. Kxe5 {[%emt 0:00:27]} Qxg4 {[%emt 0:00:29]} 58. Qh6+
{[%emt 0:00:27]} Ke8 {[%emt 0:00:29]} 59. Qxf4 {[%emt 0:00:40]} Qxf4+ {[%emt 0:
00:29]} 60. Kxf4+ {[%emt 0:00:02]} Kd7 {[%emt 0:00:00]} 61. Ba4+ {[%emt 0:00:
28]} Kc8 {[%emt 0:00:10]} 62. Kxf3 {[%emt 0:00:53]} b6 {[%emt 0:00:54]} 63. Rc1
{[%emt 0:00:35]} Kb8 {[%emt 0:00:38]} 64. Ke4 {[%emt 0:00:16]} bxc5 {[%emt 0:
00:26]} 65. Kd5 {[%emt 0:00:14]} Rh8 {[%emt 0:00:37]} 66. Rxc5 {[%emt 0:00:22]}
Rh5+ {[%emt 0:00:34]} 67. Kc6 {[%emt 0:00:14]} Rh6 {[%emt 0:00:23]} 68. Rb5+ {
[%emt 0:00:12]} Kc8 {[%emt 0:00:04]} 69. Rxb4 {[%emt 0:00:06]} Rh7 {[%emt 0:00:
25]} 70. Rf4 {[%emt 0:00:34]} Rh8 {[%emt 0:00:19]} 71. Bb5 {[%emt 0:00:44]} Rg8
{[%emt 0:00:18]} 72. Bc4 {[%emt 0:00:19]} Rh8 {[%emt 0:00:14]} 73. Be6+ {
[%emt 0:00:08]} Kb8 {[%emt 0:00:14]} 74. Rb4+ {[%emt 0:00:20]} Ka8 {[%emt 0:00:
10]} 75. Kc7 {[%emt 0:00:19]} 1-0

[Event "23rd ETCC Women 2021"]
[Site "Catez"]
[Date "2021.11.19"]
[Round "6.57"]
[White "Toma, Katarzyna"]
[Black "Cvitan, Ena"]
[Result "1-0"]
[WhiteElo "2261"]
[BlackElo "2234"]
[Annotator "TA"]
[PlyCount "99"]
[EventDate "2021.11.08"]
[EventType "team-tourn"]
[EventCountry "SLO"]
[WhiteTeam "England"]
[BlackTeam "Croatia"]
[WhiteTeamCountry "ENG"]
[BlackTeamCountry "CRO"]

{[%evp 17,99,34,17,0,0,0,0,2,31,39,30,37,38,36,26,45,63,73,139,51,254,247,249,
237,215,157,184,178,212,206,348,288,488,487,419,497,481,470,487,471,467,437,
467,448,523,506,505,527,533,519,602,594,598,593,600,600,598,592,595,586,568,
563,584,591,548,563,693,670,699,667,813,762,858,822,820,833,769,764,1087,1077,
1081,1078,1067,1056]} 1. e4 c6 2. Nc3 d5 3. Nf3 Bg4 4. h3 Bh5 5. exd5 cxd5 6.
Bb5+ Nc6 7. g4 Bg6 8. Ne5 Rc8 9. d4 e6 10. Bxc6+ {B11: Caro-Kann: Two Knights
Variation.} bxc6 {[#]} 11. Qe2 $146 ({Predecessor:} 11. h4 f6 12. Nxg6 hxg6 13.
Qd3 Ne7 14. Bd2 c5 15. dxc5 Rxc5 16. b3 e5 17. f3 Qc8 {0-1 (27) Horstmann,M 
(1674)-Hartmann,E (1718) Germany 2012}) 11... Qb6 12. f4 $1 {[%cal Rf4f5] The
position is equal.} ({Of course not} 12. Nxg6 hxg6 13. Qd3 Nf6 $17) 12... Ne7
13. O-O Qxd4+ 14. Be3 Qb4 15. f5 exf5 16. Nd3 Qd6 {Hoping for ...Qg3+.} 17. Bf4
Qd8 ({Better is} 17... Qf6) 18. g5 (18. Rae1 $16) 18... f6 $2 {This move loses
the game for Black.} (18... h6 $14) 19. Rae1 $18 Bf7 20. gxf6 gxf6 21. Nc5 Rg8+
{[#]} 22. Kh2 $1 {[%mdl 1024] Strongly threatening Nb5! White has strong
compensation.} Rb8 {[#]} 23. Na6 $1 $40 {[%cal Ra6b8][%mdl 128] White has
strong attack.} Rb6 (23... Rc8 $142 24. Na4 d4) 24. Na4 {Threatens to win with
Nc7+.} ({But not} 24. Nc7+ Kd7 $18) 24... Kd7 (24... Qc8 {was worth a try.})
25. Bc7 {[%mdl 64] Double Attack} Rxa6 {[%cal Bb6a6,Ba6a4,Ba4e4][%mdl 32]} 26.
Bxd8 Rxa4 {White is clearly winning.} 27. Bxe7 Re4 28. Qf3 {aiming for Bxf8.}
Bxe7 29. Qxf5+ Be6 30. Qxh7 f5 {And now ...Rh4 would win.} 31. Rxe4 fxe4 32.
Rg1 Re8 33. Rg7 Kd8 34. Qh6 Bd7 35. Kg2 e3 36. Qxe3 Bf6 {[#]} 37. Rxd7+ $1 Kxd7
38. Qxa7+ {[%mdl 4096] Endgame KQ-KRB} Kd6 39. Qf7 Re6 40. Qf8+ Kd7 41. b3 Be7
42. Qf5 Kd6 43. a4 {[%cal Ba2a4,Ba4a5,Ba5a6][%mdl 32]} Rf6 44. Qd3 Rf8 45. a5
Rg8+ 46. Kf1 Rf8+ 47. Ke2 Bh4 48. Qg6+ Rf6 49. Qg4 Bf2 50. a6 {Weighted Error
Value: White=0.05/Black=0.40} 1-0

[Event "23rd ETCC Women 2021"]
[Site "Catez"]
[Date "2021.11.19"]
[Round "6.58"]
[White "Medic, Mirjana"]
[Black "Emelianova, Maria"]
[Result "1-0"]
[WhiteElo "2196"]
[BlackElo "2113"]
[Annotator "ChessBase"]
[PlyCount "75"]
[EventDate "2021.11.08"]
[EventType "team-tourn"]
[EventCountry "SLO"]
[WhiteTeam "Croatia"]
[BlackTeam "England"]
[WhiteTeamCountry "CRO"]
[BlackTeamCountry "ENG"]
[TimeControl "40/5400+30:1800+30"]

1. d4 {[%emt 0:00:02]} Nf6 {[%emt 0:00:18]} 2. Nf3 {[%emt 0:00:07]} g6 {
[%emt 0:00:50]} 3. g3 {[%emt 0:00:11]} Bg7 {[%emt 0:00:06]} 4. c4 {[%emt 0:00:
09]} O-O {[%emt 0:00:10]} 5. Bg2 {[%emt 0:00:04]} d6 {[%emt 0:00:20]} 6. Nc3 {
[%emt 0:00:07]} Nbd7 {[%emt 0:00:04]} 7. O-O {[%emt 0:00:15]} e5 {[%emt 0:00:
35]} 8. h3 {[%emt 0:00:42]} Re8 {[%emt 0:00:41]} 9. e4 {[%emt 0:00:13]} exd4 {
[%emt 0:02:49]} 10. Nxd4 {[%emt 0:00:08]} Nc5 {[%emt 0:00:26]} 11. Re1 {
[%emt 0:00:36]} Bd7 {[%emt 0:02:43]} 12. Rb1 {[%emt 0:09:08]} a5 {[%emt 0:00:
37]} 13. b3 {[%emt 0:01:04]} a4 {[%emt 0:02:46]} 14. b4 {[%emt 0:08:09]} Ne6 {
[%emt 0:00:14]} 15. Nf3 {[%emt 0:09:14]} Ng4 {[%emt 0:20:24]} 16. Nd5 {[%emt 0:
02:51]} Ne5 {[%emt 0:01:16]} 17. Nxe5 {[%emt 0:03:21]} Bxe5 {[%emt 0:03:12]}
18. Be3 {[%emt 0:01:32]} Bg7 {[%emt 0:08:57]} 19. Qd2 {[%emt 0:10:49]} b6 {
[%emt 0:12:32]} 20. f4 {[%emt 0:08:22]} c5 {[%emt 0:16:31]} 21. f5 {[%emt 0:08:
26]} Nd4 {[%emt 0:01:26]} 22. g4 {[%emt 0:00:56]} Rb8 {[%emt 0:10:59]} 23. Rf1
{[%emt 0:02:12]} Bc6 {[%emt 0:07:21]} 24. fxg6 {[%emt 0:03:45]} hxg6 {[%emt 0:
01:36]} 25. Bg5 {[%emt 0:00:26]} Qd7 {[%emt 0:03:07]} 26. Nf6+ {[%emt 0:08:27]}
Bxf6 {[%emt 0:00:03]} 27. Bxf6 {[%emt 0:00:05]} Re6 {[%emt 0:02:07]} 28. Bxd4 {
[%emt 0:03:03]} cxd4 {[%emt 0:00:06]} 29. Qxd4 {[%emt 0:00:07]} Qb7 {[%emt 0:
00:42]} 30. Rf4 {[%emt 0:00:45]} Rbe8 {[%emt 0:00:24]} 31. Rbf1 {[%emt 0:00:12]
} Rxe4 {[%emt 0:00:37]} 32. Bxe4 {[%emt 0:01:12]} Rxe4 {[%emt 0:00:53]} 33.
Rxe4 {[%emt 0:01:53]} Bxe4 {[%emt 0:00:01]} 34. Qxd6 {[%emt 0:01:35]} Bg2 {
[%emt 0:00:38]} 35. Qd8+ {[%emt 0:00:32]} Kh7 {[%emt 0:00:19]} 36. Qh4+ {
[%emt 0:00:11]} Kg8 {[%emt 0:00:26]} 37. Rd1 {[%emt 0:00:24]} f5 {[%emt 0:01:
30]} 38. Qd8+ {[%emt 0:00:27]} 1-0

[Event "23rd ETCC Women 2021"]
[Site "Catez"]
[Date "2021.11.19"]
[Round "6.59"]
[White "Bayat, Shohreh"]
[Black "Radikovic, Anamarija"]
[Result "1/2-1/2"]
[WhiteElo "2091"]
[BlackElo "2124"]
[Annotator "ChessBase"]
[PlyCount "96"]
[EventDate "2021.11.08"]
[EventType "team-tourn"]
[EventCountry "SLO"]
[WhiteTeam "England"]
[BlackTeam "Croatia"]
[WhiteTeamCountry "ENG"]
[BlackTeamCountry "CRO"]
[TimeControl "40/5400+30:1800+30"]

1. d4 {[%emt 0:00:14]} Nf6 {[%emt 0:00:07]} 2. Nc3 {[%emt 0:00:09]} d5 {
[%emt 0:00:07]} 3. Bf4 {[%emt 0:00:08]} c5 {[%emt 0:00:06]} 4. e3 {[%emt 0:00:
35]} cxd4 {[%emt 0:00:54]} 5. exd4 {[%emt 0:00:18]} a6 {[%emt 0:00:07]} 6. Nf3
{[%emt 0:01:38]} Bg4 {[%emt 0:00:57]} 7. Be2 {[%emt 0:02:24]} Nc6 {[%emt 0:01:
39]} 8. Ne5 {[%emt 0:03:58]} Bxe2 {[%emt 0:06:29]} 9. Nxe2 {[%emt 0:00:45]} e6
{[%emt 0:07:00]} 10. c3 {[%emt 0:01:30]} Be7 {[%emt 0:06:21]} 11. Nc1 {[%emt 0:
02:34]} Rc8 {[%emt 0:16:23]} 12. Ncd3 {[%emt 0:07:19]} O-O {[%emt 0:01:00]} 13.
O-O {[%emt 0:00:16]} b5 {[%emt 0:09:14]} 14. Nxc6 {[%emt 0:03:43]} Rxc6 {
[%emt 0:00:05]} 15. Ne5 {[%emt 0:00:24]} Rc8 {[%emt 0:00:50]} 16. a3 {[%emt 0:
00:21]} Ne4 {[%emt 0:08:23]} 17. Qg4 {[%emt 0:05:43]} Kh8 {[%emt 0:09:10]} 18.
Rae1 {[%emt 0:08:50]} a5 {[%emt 0:07:51]} 19. Qh5 {[%emt 0:12:43]} Qe8 {
[%emt 0:02:24]} 20. f3 {[%emt 0:04:25]} Nf6 {[%emt 0:02:44]} 21. Qh3 {[%emt 0:
02:45]} b4 {[%emt 0:00:46]} 22. axb4 {[%emt 0:00:06]} axb4 {[%emt 0:00:07]} 23.
Bd2 {[%emt 0:01:19]} Qb5 {[%emt 0:02:44]} 24. Ng4 {[%emt 0:05:09]} Nd7 {
[%emt 0:03:39]} 25. f4 {[%emt 0:00:41]} f5 {[%emt 0:09:07]} 26. Ne5 {[%emt 0:
04:48]} Kg8 {[%emt 0:01:33]} 27. Nxd7 {[%emt 0:01:20]} Qxd7 {[%emt 0:00:06]}
28. Qe3 {[%emt 0:02:56]} Kf7 {[%emt 0:02:46]} 29. Qe2 {[%emt 0:01:40]} g6 {
[%emt 0:00:38]} 30. Rf3 {[%emt 0:00:10]} Rc6 {[%emt 0:00:49]} 31. Rh3 {[%emt 0:
01:19]} Kg8 {[%emt 0:00:16]} 32. Re3 {[%emt 0:01:30]} Kf7 {[%emt 0:00:11]} 33.
cxb4 {[%emt 0:01:23]} Rb8 {[%emt 0:00:43]} 34. b5 {[%emt 0:00:22]} Rcb6 {
[%emt 0:01:12]} 35. Ba5 {[%emt 0:01:04]} Qxb5 {[%emt 0:00:12]} 36. Qxb5 {
[%emt 0:02:57]} Rxb5 {[%emt 0:00:06]} 37. Rxe6 {[%emt 0:00:37]} Bh4 {[%emt 0:
01:02]} 38. g3 {[%emt 0:00:59]} Bxg3 {[%emt 0:00:16]} 39. hxg3 {[%emt 0:00:43]}
Rxa5 {[%emt 0:00:05]} 40. Re7+ {[%emt 0:00:20]} Kf8 {[%emt 0:01:18]} 41. R1e2 {
[%emt 0:32:26]} Ra1+ {[%emt 0:07:55]} 42. Kf2 {[%emt 0:00:00]} Rh1 {[%emt 0:03:
02]} 43. Kg2 {[%emt 0:00:00]} Rb1 {[%emt 0:00:59]} 44. Rxh7 {[%emt 0:00:00]}
R8xb2 {[%emt 0:00:31]} 45. Rxb2 {[%emt 0:00:00]} Rxb2+ {[%emt 0:00:06]} 46. Kf3
{[%emt 0:00:00]} Rb3+ {[%emt 0:00:19]} 47. Ke2 {[%emt 0:00:00]} Ke8 {[%emt 0:
03:27]} 48. Kf2 {[%emt 0:00:00]} Rb2+ {[%emt 0:07:09]} 1/2-1/2

[Event "23rd ETCC Women 2021"]
[Site "Catez"]
[Date "2021.11.19"]
[Round "6.60"]
[White "Vujnovic, Patricija"]
[Black "Varney, Zoe"]
[Result "1-0"]
[WhiteElo "2151"]
[BlackElo "1955"]
[Annotator "ChessBase"]
[PlyCount "75"]
[EventDate "2021.11.08"]
[EventType "team-tourn"]
[EventCountry "SLO"]
[WhiteTeam "Croatia"]
[BlackTeam "England"]
[WhiteTeamCountry "CRO"]
[BlackTeamCountry "ENG"]
[TimeControl "40/5400+30:1800+30"]

1. d4 {[%emt 0:00:02]} d5 {[%emt 0:00:05]} 2. Nf3 {[%emt 0:00:09]} Nf6 {
[%emt 0:00:07]} 3. c4 {[%emt 0:00:13]} dxc4 {[%emt 0:00:22]} 4. Qa4+ {[%emt 0:
04:01]} Nbd7 {[%emt 0:09:28]} 5. Qxc4 {[%emt 0:00:51]} e6 {[%emt 0:01:52]} 6.
g3 {[%emt 0:07:34]} a6 {[%emt 0:05:10]} 7. Bg2 {[%emt 0:04:45]} b5 {[%emt 0:03:
35]} 8. Qc2 {[%emt 0:00:53]} Bb7 {[%emt 0:00:43]} 9. O-O {[%emt 0:01:11]} c5 {
[%emt 0:03:32]} 10. dxc5 {[%emt 0:14:59]} Bxc5 {[%emt 0:02:56]} 11. Nc3 {
[%emt 0:03:31]} Rc8 {[%emt 0:04:01]} 12. Qd3 {[%emt 0:04:51]} O-O {[%emt 0:06:
53]} 13. a3 {[%emt 0:13:34]} Qc7 {[%emt 0:09:48]} 14. Bf4 {[%emt 0:14:44]} Qc6
{[%emt 0:19:25]} 15. Ne1 {[%emt 0:14:10]} Qb6 {[%emt 0:02:27]} 16. Bxb7 {
[%emt 0:00:11]} Qxb7 {[%emt 0:00:51]} 17. Qf3 {[%emt 0:00:56]} Qa7 {[%emt 0:01:
43]} 18. Ng2 {[%emt 0:09:05]} Rfe8 {[%emt 0:04:23]} 19. Rfd1 {[%emt 0:03:15]}
e5 {[%emt 0:07:30]} 20. Be3 {[%emt 0:00:02]} e4 {[%emt 0:02:11]} 21. Qf4 {
[%emt 0:00:13]} h6 {[%emt 0:01:45]} 22. Bxc5 {[%emt 0:00:35]} Rxc5 {[%emt 0:04:
23]} 23. Rd6 {[%emt 0:01:00]} Rc4 {[%emt 0:02:41]} 24. Qe3 {[%emt 0:00:59]} Qc7
{[%emt 0:02:21]} 25. Rad1 {[%emt 0:00:02]} Nc5 {[%emt 0:01:17]} 26. h3 {
[%emt 0:00:42]} Qb7 {[%emt 0:01:54]} 27. Nf4 {[%emt 0:00:46]} b4 {[%emt 0:00:
45]} 28. axb4 {[%emt 0:00:04]} Qxb4 {[%emt 0:00:15]} 29. Rxf6 {[%emt 0:00:39]}
gxf6 {[%emt 0:00:08]} 30. Nfd5 {[%emt 0:00:22]} Qxb2 {[%emt 0:01:03]} 31. Nxf6+
{[%emt 0:00:43]} Kf8 {[%emt 0:00:27]} 32. Qxh6+ {[%emt 0:00:13]} Ke7 {[%emt 0:
00:04]} 33. Ncd5+ {[%emt 0:00:27]} Kd8 {[%emt 0:00:47]} 34. Nxe8 {[%emt 0:00:
28]} Ne6 {[%emt 0:02:04]} 35. Qf6+ {[%emt 0:00:43]} Qxf6 {[%emt 0:00:29]} 36.
Nexf6 {[%emt 0:00:35]} Nd4 {[%emt 0:00:18]} 37. e3 {[%emt 0:00:37]} Nf3+ {
[%emt 0:00:20]} 38. Kg2 {[%emt 0:00:50]} 1-0